Fr. Conceicao Rodrigues College of Engineering

Computer Graphics A Programming Approach (Record no. 26599)

MARC details
000 -LEADER
fixed length control field 00309nam a2200133Ia 4500
082 ## - DEWEY DECIMAL CLASSIFICATION NUMBER
Classification number 1.5
100 ## - MAIN ENTRY--PERSONAL NAME
Personal name Harrington/Steven
245 ## - TITLE STATEMENT
Title Computer Graphics A Programming Approach
260 ## - PUBLICATION, DISTRIBUTION, ETC.
Name of publisher, distributor, etc. McGraw Hill
Place of publication, distribution, etc. Auckland
Date of publication, distribution, etc. 1983
300 ## - PHYSICAL DESCRIPTION
Extent 448
546 ## - LANGUAGE NOTE
Language note ENGLISH
654 ## - SUBJECT ADDED ENTRY--FACETED TOPICAL TERMS
Focus term Computer Graphics
942 ## - ADDED ENTRY ELEMENTS (KOHA)
Koha item type BOOK
Holdings
Withdrawn status Lost status Damaged status Not for loan Collection Home library Current library Shelving location Date acquired Source of acquisition Cost, normal purchase price Inventory number Total Checkouts Full call number Barcode Date last seen Cost, replacement price Price effective from Koha item type
        AFT Fr. Agnel's C.Rodrigues College of Engineering Fr. Agnel's C.Rodrigues College of Engineering   17/03/2023 UBC 91.00 4325   1.5 AFT5145 17/03/2023 91.00 17/03/2023 BOOK